000 00820nam a2200265Ia 4500
003 OSt
005 20220923212349.0
006 a|||||r|||| 00| 0
007 ta
008 220922b |||||||| |||| 00| 0 hin d
024 _a152,377
037 _cTextual
040 _aARTS
_cARTS
_bhin
041 _2hin
_ahin
082 _aO122,3M44,16, 152J9;L0
100 _aफ्रांस, अनातोल
245 0 _aअहंकार
246 _aAhankāra
250 _aसंस्क0 11
260 _aइलाहाबाद
_b हंस प्रकाशन
_c1970
300 _a188पृ.
_ccm.
650 _aहिन्दी साहित्य
_9156264
942 _hO122,3M44,16, 152J9;L0
_cTEXL
_2CC
999 _c308026
_d308026